U.S. City Skylines Quiz (Medium) - Statistics

General Stats
  • This quiz has been taken 4,644 times
  • The average score is 10 of 15
Answer Stats
Picture Answer % Correct
Pittsburgh
89%
Houston
74%
Nashville
74%
Cincinnati
71%
Baltimore
70%
Kansas City
68%
Austin
67%
Charlotte
67%
Jacksonville
65%
Minneapolis
65%
San Diego
64%
Phoenix
58%
Oklahoma City
55%
Memphis
48%
Louisville
44%
No matching quizzes found
Score Distribution
Percent of People with Each Score
Percentile by Number Answered
Your Score History
You have not taken this quiz